| 000 | 00578nam a2200181Ia 4500 | ||
|---|---|---|---|
| 005 | 20250326143215.0 | ||
| 008 | 250326s9999 xx 000 0 und d | ||
| 037 | _aTextbook | ||
| 040 |
_aFMSL _beng _cFMSL |
||
| 041 |
_aeng _2eng |
||
| 084 |
_aD658(2:55) N9 _qFMSL |
||
| 100 |
_aEvans P _986823 |
||
| 245 | 0 |
_aBlown to bits : how the new economics of information transforms strategy _cEvans P; Wurster T S |
|
| 260 |
_aMassachustts _bMassachustts, Harvard Business Review _c1999 |
||
| 300 | _a259p | ||
| 942 |
_cTB _hD658(2:55) N9 |
||
| 999 |
_c1298594 _d1298594 |
||